| Tag |
First Indicator |
Second Indicator |
Subfields |
| LEADER |
00000cam a2200000 a 4500 |
| 001 |
in00000026928 |
| 005 |
20240426164356.0 |
| 008 |
870630s1988 ctua b 001 0 eng |
| 010 |
|
|
|a 87050845
|
| 015 |
|
|
|a GB8833534
|2 bnb
|
| 015 |
|
|
|a b8833534
|
| 019 |
|
|
|a 17983717
|a 59786570
|a 1006432997
|a 1008207987
|a 1029423018
|a 1039107242
|a 1167265938
|a 1172036212
|
| 020 |
|
|
|a 0300041446
|
| 020 |
|
|
|a 9780300041446
|
| 020 |
|
|
|a 0300046634
|
| 020 |
|
|
|a 9780300046632
|
| 029 |
1 |
|
|a AU@
|b 000005832199
|
| 029 |
1 |
|
|a AU@
|b 000021988761
|
| 029 |
1 |
|
|a AU@
|b 000026740721
|
| 029 |
1 |
|
|a NZ1
|b 12619495
|
| 029 |
1 |
|
|a NZ1
|b 327970
|
| 029 |
1 |
|
|a NZ1
|b 3320533
|
| 035 |
|
|
|a (OCoLC)ocm18629266
|
| 035 |
|
|
|a (OCoLC)18629266
|z (OCoLC)17983717
|z (OCoLC)59786570
|z (OCoLC)1006432997
|z (OCoLC)1008207987
|z (OCoLC)1029423018
|z (OCoLC)1039107242
|z (OCoLC)1167265938
|z (OCoLC)1172036212
|
| 035 |
|
|
|a (OCoLC)ocm18629266
|
| 037 |
|
|
|c £25.00 : CIP rev.
|
| 040 |
|
|
|a DLC
|b eng
|c DLC
|d UKM
|d MUQ
|d BTCTA
|d YDXCP
|d CLU
|d UKV3G
|d NLGGC
|d AU@
|d OKN
|d OCLCF
|d OCLCO
|d OCL
|d BER
|d UEJ
|d OCLCQ
|d DHA
|d OCLCQ
|d IOK
|d CEF
|d TKN
|d TYC
|d XFF
|d MUO
|d ICW
|d SPP
|d CPS
|d CNO
|d CSA
|d OCLCQ
|d UKUOY
|d OCLCQ
|d EZC
|d TFW
|d LGG
|d QE2
|d OCLCQ
|d UKNRU
|d U3G
|d UWW
|d DKC
|d FNE
|d J9U
|d NZ1
|d AZM
|d GZN
|d GZW
|d CNTRU
|d CSE
|d FDU
|d MMC
|d TJC
|d NJT
|d UK5EZ
|d OCLCQ
|d OCLCO
|d UWK
|d EUX
|d UKBTH
|d LUN
|d MM9
|d IL4J6
|d OCLCO
|d MNX
|d OCLCL
|d OCLCQ
|d OCLCL
|
| 041 |
1 |
|
|a eng
|h ger
|
| 041 |
|
0 |
|a engger
|
| 043 |
|
|
|a e-gx---
|
| 050 |
0 |
0 |
|a NX550.A1
|b S2913 1988
|
| 080 |
|
|
|a 7(43)-19-
|
| 080 |
0 |
|
|a 943.085
|
| 082 |
0 |
0 |
|a 700/.943
|2 19
|
| 083 |
0 |
|
|a Germany. Intellectual life, 1918-1933
|
| 084 |
|
|
|a 20.70
|2 bcl
|
| 100 |
1 |
|
|a Schrader, Bärbel.
|
| 240 |
1 |
0 |
|a Goldenen Zwanziger Jahre.
|l English
|
| 245 |
1 |
4 |
|a The "golden" twenties :
|b art and literature in the Weimar Republic /
|c Bärbel Schrader, Jürgen Schebera.
|
| 260 |
|
|
|a New Haven :
|b Yale University Press,
|c 1988.
|
| 300 |
|
|
|a 271 pages :
|b illustrations (some color) ;
|c 28 cm
|
| 336 |
|
|
|a text
|b txt
|2 rdacontent
|
| 337 |
|
|
|a unmediated
|b n
|2 rdamedia
|
| 338 |
|
|
|a volume
|b nc
|2 rdacarrier
|
| 500 |
|
|
|a Translation of: Die goldenen Zwanziger Jahre.
|
| 504 |
|
|
|a Includes bibliographical references (pages 259-262) and index.
|
| 546 |
|
|
|a Translation of: Die goldenen zwanziger Jahre.
|
| 520 |
|
|
|a Examines intellectual life in the Weimar Republic, looks at paintings, caricatures, dance, architecture, and films, and discusses the Nazi rise to power.
|
| 650 |
|
0 |
|a Arts, German
|y 20th century.
|
| 650 |
|
0 |
|a Arts and society
|z Germany
|x History
|y 20th century.
|
| 651 |
|
0 |
|a Germany
|x History
|y 1918-1933.
|
| 651 |
|
0 |
|a Germany
|x Intellectual life
|y 20th century.
|
| 650 |
|
0 |
|a Arts, German.
|
| 650 |
|
6 |
|a Arts allemands.
|
| 650 |
|
6 |
|a Arts
|z Allemagne
|y 20e siècle.
|
| 650 |
|
6 |
|a Arts et société
|z Allemagne
|x Histoire
|y 20e siècle.
|
| 651 |
|
6 |
|a Allemagne
|x Histoire
|y 1918-1933.
|
| 651 |
|
6 |
|a Allemagne
|x Vie intellectuelle
|y 20e siècle.
|
| 650 |
|
6 |
|a Arts allemands
|y 20e siècle.
|
| 650 |
|
7 |
|a Arts and society.
|2 fast
|0 (OCoLC)fst00817856
|
| 650 |
|
7 |
|a Arts, German.
|2 fast
|0 (OCoLC)fst00818034
|
| 650 |
|
7 |
|a Intellectual life.
|2 fast
|0 (OCoLC)fst00975769
|
| 651 |
|
7 |
|a Germany.
|2 fast
|0 (OCoLC)fst01210272
|1 https://id.oclc.org/worldcat/entity/E39PBJtCD3rcKcPDx6FHmjvrbd
|
| 650 |
|
7 |
|a Arts, German
|y 20th century.
|2 nli
|
| 650 |
|
7 |
|a Arts, Modern
|y 20th century
|z Germany.
|2 nli
|
| 650 |
|
7 |
|a Arts and society
|z Germany
|x History
|y 20th century.
|2 nli
|
| 651 |
|
7 |
|a Germany
|x History
|y 1918-1933.
|2 nli
|
| 651 |
|
7 |
|a Germany
|x Intellectual life
|y 20th century.
|2 nli
|
| 648 |
|
7 |
|a 1900-1999
|2 fast
|
| 653 |
|
|
|a Germany
|a Intellectual life, 1918-1933
|
| 655 |
|
7 |
|a History.
|2 fast
|0 (OCoLC)fst01411628
|
| 700 |
1 |
|
|a Schebera, Jürgen,
|d 1940-
|
| 740 |
0 |
|
|a "Golden" 20's.
|
| 758 |
|
|
|i has work:
|a Die goldenen zwanziger Jahre (Text)
|1 https://id.oclc.org/worldcat/entity/E39PCGRWQVb6gMjv9fGt3VCPPP
|4 https://id.oclc.org/worldcat/ontology/hasWork
|
| 856 |
4 |
2 |
|u https://books.google.com/books?isbn=0300041446
|z Additional information at Google Books
|t 0
|
| 938 |
|
|
|a Baker and Taylor
|b BTCP
|n 87050845
|
| 938 |
|
|
|a YBP Library Services
|b YANK
|n 164114
|
| 948 |
|
|
|h HELD BY TXA - 719 OTHER HOLDINGS
|
| 994 |
|
|
|a Z0
|b TXA
|
| 999 |
f |
f |
|s bbee1026-0c3d-3040-82cf-8de42cef2628
|i f2c7efe0-7dff-3dd9-be5a-ae6b1e5f649a
|t 0
|
| 952 |
f |
f |
|p ric
|a Texas A&M University
|b Rellis Campus
|c Joint Library Facility
|d Remote Storage
|t 0
|e DD67 .S33 1988
|h Library of Congress classification
|i unmediated -- volume
|m A14811073437
|
| 998 |
f |
f |
|a DD67 .S33 1988
|t 0
|l Remote Storage
|